Normal view
MARC view
Entry Uniform Title
001 - CONTROL NUMBER
- control field: 38772
003 - CONTROL NUMBER IDENTIFIER
- control field: dpl
005 - DATE AND TIME OF LATEST TRANSACTION
- control field: 20120110144146.0
008 - FIXED-LENGTH DATA ELEMENTS
- fixed length control field: 120110|||a|||||| | ||| d
040 ## - CATALOGING SOURCE
- Original cataloging agency: dpl
- Transcribing agency: dpl
130 ## - HEADING--UNIFORM TITLE
- Uniform title: 2 in 1 Large print
670 ## - SOURCE DATA FOUND
- Source citation: Work cat.: (dpl): Krishna and Kaliy :
670 ## - SOURCE DATA FOUND
- Source citation: Work cat.: (dpl): Krishna and Kaliy :
